Estatuto de Autonomía para Asturias (Record no. 61194)

MARC details
000 -LEADER
campo de control de longitud fija 00691nam a2200193 i 4500
001 - NÚMERO DE CONTROL
campo de control 61194
003 - IDENTIFICADOR DE NÚMERO DE CONTROL
campo de control ES-MaACL
005 - FECHA Y HORA DE LA ÚLTIMA TRANSACCIÓN
campo de control 20230906164408.0
007 - CAMPO FIJO DE DESCRIPCIÓN FÍSICA--INFORMACIÓN GENERAL
campo de control de longitud fija t|
008 - DATOS DE LONGITUD FIJA--INFORMACIÓN GENERAL
campo de control de longitud fija 031111s1982 sp ||||1| spa d
110 1# - ENTRADA PRINCIPAL--NOMBRE DE ENTIDAD CORPORATIVA
Nombre de entidad corporativa o nombre de jurisdicción como elemento de entrada Asturias (Comunidad Autónoma)
9 (RLIN) 1834
240 10 - TÍTULO UNIFORME
Título uniforme Estatuto de Autonomía, 1981
245 10 - MENCIÓN DEL TÍTULO
Título Estatuto de Autonomía para Asturias
Resto del título : [Ley Orgánica 7/1981, de 30 de diciembre].
260 ## - PUBLICACIÓN, DISTRIBUCIÓN, ETC.
Lugar de publicación, distribución, etc. [Madrid :
Nombre del editor, distribuidor, etc. Presidencia del Gobierno, Servicio Central de Publicaciones,
Fecha de publicación, distribución, etc. 1982]
300 ## - DESCRIPCIÓN FÍSICA
Extensión 25 p. ;
Dimensiones 21 cm.
710 1# - ENTRADA AGREGADA--NOMBRE DE ENTIDAD CORPORATIVA
Nombre de entidad corporativa o nombre de jurisdicción como elemento de entrada España.
Título de la obra Estatuto de autonomía de Asturias, 1981.
9 (RLIN) 172529
710 1# - ENTRADA AGREGADA--NOMBRE DE ENTIDAD CORPORATIVA
Nombre de entidad corporativa o nombre de jurisdicción como elemento de entrada España.
Unidad subordinada Presidencia del Gobierno.
9 (RLIN) 3951
852 ## - LOCALIZACIÓN
Ubicación ES-MaACL
Número de control de estantería 2127-F-16
Holdings
Estatus retirado Estado de pérdida Estado de daño No para préstamo Colección Biblioteca de origen Biblioteca actual Ubicación en estantería Fecha de adquisición Fuente de adquisición Total de préstamos Signatura topográfica completa Código de barras Visto por última vez Precio de reemplazo Tipo de ítem Koha
        Colección de folletos Biblioteca del Ateneo de Madrid Biblioteca del Ateneo de Madrid Depósito folletos 17/01/2008     2127-F-16 1064171 23/02/2023 23/02/2023 Folleto